000 00521nam a22001695i 4500
001 53810
003 ES-MaACL
005 20230906162832.0
007 t|
008 960709s1880 sp ||||1| spa d
040 _aCAM
_bspa
_cCAM
100 1 _aFernández de la Hoz y Rey, José.
_949669
245 1 0 _aCrímenes españoles /
_cJosé Fernández de la Hoz y Rey.
260 _aMadrid :
_b[s.n.],
_c1880 (
_festablecimiento tipográfico de Antonio Florez)
300 _a268, [1] p. ;
_c18 cm.
852 _aES-MaACL
_jD-2940
999 _c53810
_d53810